Szczegóły MARC21

Kompetencje nauczyciela-wychowawcy /

003 -Nazwa inst., której nr kontr. jest w polu 001 [,]
    • @
    • Nazwa instytucji, której n kontrolny jest w polu 001
    • NUKAT
005 -DATA I CZAS OSTATNIEJ MODYFIKACJI [,]
    • @
    • pole kontrolne
    • 20241231085305.0
020 -Międzynarod. znormalizowany nr książki - ISBN [ , ]
    • a
    • Numer ISBN
    • 8389048051 Find
040 -Instytucja sporządzająca opis [ , ]
    • a
    • Instytucja, która sporządziła opis (NP)
    • KR 119/ MR
    • c
    • Instytucja, która sporządziła rekord (NP)
    • KR 119/MR
    • d
    • Instytucja, która zmodyfikowała rekord (P)
    • KR 119/RS
    • d
    • Instytucja, która zmodyfikowała rekord (P)
    • KR U/ES
    • d
    • Instytucja, która zmodyfikowała rekord (P)
    • WA U/ASZ
    • d
    • Instytucja, która zmodyfikowała rekord (P)
    • WA U/JKs
    • d
    • Instytucja, która zmodyfikowała rekord (P)
    • KR U/AChs
942 -Rodzaj dokumentu [ , ]
    • c
    • Rodzaj dokumentu
    • Książka
245 -Strefa tytułu i oznaczenia odpowiedzialności [0,0]
    • a
    • Tytuł
    • Kompetencje nauczyciela-wychowawcy / Find
    • c
    • Pozostałe elementy strefy tytułu i oznaczenia odpowiedzialności (NP)
    • red. nauk. Krystyna Ferenz, Edward Kozioł ; Uniwersytet Zielonogórski.
260 -Strefa adresu wydawniczego [ , ]
    • a
    • Miejsce wydania (P)
    • Zielona Góra :
    • b
    • Nazwa wydawcy (P)
    • Redakcja Wydawnictw Humanistyczno-Społecznych Uniwersytetu Zielonogórskiego,
    • c
    • Data wydania (P)
    • cop. 2002.
300 -Strefa opisu fizycznego [ , ]
    • a
    • Określenie formy książki i/lub objętość (NP)
    • 191 s. ;
    • c
    • Format (NP)
    • 24 cm.
336 -Typ zawartości [ , ]
    • a
    • Termin opisujący typ zawartości
    • Tekst
    • b
    • Kod określający zawartość
    • txt
    • 2
    • Źródło (terminu i kodu)
    • rdacontent
337 -Typ mediów [ , ]
    • a
    • Tryb odtwarzania
    • Bez urządzenia pośredniczącego
    • b
    • Kod typu mediów
    • n
    • 2
    • Źródło (terminu i kodu)
    • rdamedia
338 -Typ/rodzaj nośnika [ , ]
    • a
    • Hasło opisujące typ nośnika
    • Wolumin
    • b
    • Kod typu nośnika
    • nc
    • 2
    • Źródło (terminu i kodu)
    • rdacarrier
504 -Uwaga dot. bibliogr. załącznikowej [ , ]
    • a
    • Uwaga dot. bibliografii załącznikowej
    • Bibliogr. przy pracach.
080 -Uniwersalna Klasyfikacja Dziesiętna [ , ]
    • a
    • Symbol klasyfikacji
    • 371.213.3
650 -Hasło przedmiotowe [ ,7]
    • a
    • Hasło przedmiotowe
    • Nauczyciele
    • x
    • Określnik rzeczowy
    • praca.
    • 2
    • Źródło terminu
    • kaba
    • 9
    • KHW
    • 349592
650 -Hasło przedmiotowe [ ,7]
    • a
    • Hasło przedmiotowe
    • Młodzież
    • x
    • Określnik rzeczowy
    • edukacja.
    • 2
    • Źródło terminu
    • kaba
    • 9
    • KHW
    • 120333
650 -Hasło przedmiotowe [ ,7]
    • a
    • Hasło przedmiotowe
    • Wychowawcy
    • x
    • Określnik rzeczowy
    • praca.
    • 2
    • Źródło terminu
    • kaba
    • 9
    • KHW
    • 359414
980 -Symbol UKD [ , ]
    • a
    • UKD
    • 371.213.3
700 -Hasło dodatkowe - nazwa osobowa [1, ]
    • a
    • Nazwa osobowa (NP)
    • Ferenz, Krystyna Find
    • d
    • Daty biograficzne (NP)
    • (1946- ).
    • e
    • Określenie rodzaju współpracy
    • Red.
    • 9
    • KHW
    • 42430
700 -Hasło dodatkowe - nazwa osobowa [1, ]
    • a
    • Nazwa osobowa (NP)
    • Kozioł, Edward Find
    • c
    • Dopowiedzenie inne niż daty biograficzne (NP)
    • (pedagogika).
    • e
    • Określenie rodzaju współpracy
    • Red.
    • 9
    • KHW
    • 436067
920 -ISBN [ , ]
    • a
    • ISBN
    • 83-89048-05-1 Find
Numer inwentarzowy Status udost. Lokalizacja Data inwentaryzacji
Pd.149711BG2002-09-04